Leadership, poverty and social security / (Record no. 69635)

MARC details
000 -LEADER
fixed length control field 00899nam a22002297a 4500
005 - DATE AND TIME OF LATEST TRANSACTION
control field 2012090300500.0
008 - FIXED-LENGTH DATA ELEMENTS--GENERAL INFORMATION
fixed length control field 120903t xxu||||| |||| 00| 0 eng d
010 ## - LCCN (DPL NO)
LC control number ENG-105765
020 ## - INTERNATIONAL STANDARD BOOK NUMBER
International Standard Book Number 9788179103555
Terms of availability 395.00
035 ## - SYSTEM CONTROL NUMBER
System control number EN-89298
037 ## - SOURCE OF ACQUISITION
Source of stock number/acquisition DBAD/PUB
040 ## - CATALOGING SOURCE
Original cataloging agency DPL
Language of cataloging Eng
082 ## - DEWEY DECIMAL CLASSIFICATION NUMBER
Classification number 339.460954
100 ## - MAIN ENTRY--PERSONAL NAME
9 (RLIN) 51942
Personal name Ramaswamy, T.
245 ## - TITLE STATEMENT
Title Leadership, poverty and social security /
Statement of responsibility, etc by T. Ramaswamy
260 ## - PUBLICATION, DISTRIBUTION, ETC. (IMPRINT)
Place of publication, distribution, etc Jaipur
Name of publisher, distributor, etc Aavishkar Publishers, Distributors
Date of publication, distribution, etc 2012
270 ## - ADDRESS
Address 807, Vyas Building, Chaura Rasta
City Jaipur(Rajasthan)
Postal code 302003
Electronic mail address aavishkarbooks@hotmail.com
300 ## - PHYSICAL DESCRIPTION
Extent xv,110p.
Dimensions 23cm(Hb)
500 ## - GENERAL NOTE
General note Includes bibliographical references and index
942 ## - ADDED ENTRY ELEMENTS (KOHA)
Source of classification or shelving scheme Dewey Decimal Classification
Item type English Books
Classification part 339.460954
Call number suffix RAM
Holdings
Withdrawn status Lost status Source of classification or shelving scheme Damaged status Not for loan Collection code Home library Current library Date acquired Source of acquisition Cost, normal purchase price Total Checkouts Full call number Barcode Date last seen Copy number Cost, replacement price Koha item type
    Dewey Decimal Classification   Not For Loan Non-fiction D.B.Act.Division D.B.Act.Division 03/09/2012 DBAD / PUB 395.00   339.460954 RAM EN-89298 03/09/2012 1 395.00 English Books

© Delhi Public Library
Hit Counter
free hit counter